000 005060000a22001810004500
003 MACL
005 20160310161223.0
008 160310b xxu||||| |||| 00| 0 eng d
040 _aMACL
_cMACL
041 _aHindi
082 _a891.433
100 _aचतुरसेन आचार्य
_937332
245 _aईदो
260 _bराजपाल एण्‍ड सन्‍ज
_c1967
_aनई दिल्‍ली
350 _a5
650 _aNovel
_944637
942 _cHIN
_k891.433
_2ddc
999 _c26098
_d26098